|
|
|
|
| LEADER |
06893nam a22004213i 4500 |
| 001 |
EBC30685962 |
| 003 |
MiAaPQ |
| 005 |
20231204023231.0 |
| 006 |
m o d | |
| 007 |
cr cnu|||||||| |
| 008 |
231204s2023 xx o ||||0 fre d |
| 020 |
|
|
|a 9782875747860
|q (electronic bk.)
|
| 020 |
|
|
|z 9782875747822
|
| 035 |
|
|
|a (MiAaPQ)EBC30685962
|
| 035 |
|
|
|a (Au-PeEL)EBL30685962
|
| 035 |
|
|
|a (OCoLC)1397574641
|
| 040 |
|
|
|a MiAaPQ
|b eng
|e rda
|e pn
|c MiAaPQ
|d MiAaPQ
|
| 100 |
1 |
|
|a Charrière, Elodie.
|
| 245 |
1 |
0 |
|a Les Immersions de Munitions Dans les Lacs Suisses et Français (1919-Aujourd'hui), de l'oubli à un Statu Quo évolutif.
|
| 250 |
|
|
|a 1st ed.
|
| 264 |
|
1 |
|a Brussels :
|b P.I.E. - Peter Lang SA Éditions Scientifiques Internationales,
|c 2023.
|
| 264 |
|
4 |
|c {copy}2023.
|
| 300 |
|
|
|a 1 online resource (314 pages)
|
| 336 |
|
|
|a text
|b txt
|2 rdacontent
|
| 337 |
|
|
|a computer
|b c
|2 rdamedia
|
| 338 |
|
|
|a online resource
|b cr
|2 rdacarrier
|
| 490 |
1 |
|
|a EcoPolis Series ;
|v v.39
|
| 505 |
0 |
|
|a Cover -- Copyright information -- Table des matières -- Introduction -- L'immersion de munitions dans les espaces aquatiques, un phénomène mondial -- Les immersions en Suisse, entre spécificité et universalité -- Deux contrepoints français pour témoigner de la singularité des immersions suisses -- Chapitre 1 Du dépôt des munitions dans les lacs à leur oubli : un processus construit et progressif -- 1. La Suisse, château d'eau de l'Europe -- 1.1. Représentations sociales et culturelles de l'eau -- L'exemple du lac Léman -- 1.2. L'eau, une ressource aux multiples usages au service du développement industriel -- Confiance absolue dans le concept de dilution -- Le concept de dilution appliqué aux armements chimiques -- 1.3. Une conscience environnementale balbutiante -- Prémisses des mouvements contestataires -- Émergence des mouvements de protection de la nature -- 2. L'après Seconde Guerre mondiale : entre secret, mémoire et oubli -- 2.1. Secret administratif et militaire -- Concept du secret -- En Suisse -- En France -- 2.2. La presse sous embargo -- En Suisse -- En France -- 3. L'oubli des dépôts de munitions : un processus spécifique -- 3.1. D'une invisibilité relative à une invisibilité absolue -- Concepts d'immersion, de noyage, de visibilité et d'invisibilité -- Les immersions en pratique -- Le passage à l'invisibilité absolue -- 3.2. Amnésie institutionnelle : disparition d'acteurs et absence de transmission de la mémoire orale -- En Suisse -- En France -- 3.3. Amnésie administrative : disparition des archives -- En Suisse -- En France -- Chapitre 2 De la prise de conscience environnementale à la reconnaissance des dépôts de munitions dans les lacs -- 1. La fin d'une pratique -- 1.1. Affirmation d'une conscience environnementale -- État des lieux des pollutions aquatiques -- Législation suisse en matière de protection des eaux.
|
| 505 |
8 |
|
|a 1.2. Interdiction des immersions en Suisse -- 1.3. Interdiction des immersions à l'échelle internationale -- 2. Les découvertes inopinées -- 2.1. Les médiateurs de la découverte -- Les plongeurs -- Les spéléologues -- Les pêcheurs -- Une exception : le lac de Gérardmer -- 2.2. Les récits dans la presse -- En Suisse -- En France -- 3. La reconnaissance institutionnelle des dépôts de munitions -- 3.1. Contexte politique international -- 3.2. Le processus de reconnaissance institutionnelle en Suisse -- Le contexte politique suisse -- Inéluctable reconnaissance des dépôts lacustres de munitions par le DMF -- 3.3. Le processus de reconnaissance institutionnelle en France -- Lac de Gérardmer -- Gouffre de Jardel -- Chapitre 3 Les dépôts de munitions dans les lacs : un modèle de gestion singulier -- 1. Du concept de déchet à celui de site pollué -- 1.1. Munitions immergées et déchets, quelle(s) relation(s) ? -- Les munitions immergées sont-elles des déchets ? -- 1.2. Munitions immergées et sites pollués, quelle(s) relation(s) ? -- OSites : objectifs et spécificité du contexte suisse -- Munitions immergées : 1re étape - Établissement du cadastre -- Munitions immergées : 2e étape - Investigation préalable -- Exceptions à la mise en pratique de l'OSites : le lac Léman et le lac de Zurich -- 2. Les munitions immergées : entre risques et incertitudes -- 2.1. Une gestion spécifique des risques -- Diverses approches sur les risques -- Divers modèles de gestion des risques -- Application a posteriori du modèle de Paetzel à la gestion des dépôts lacustres de munitions -- 2.2. Risques et incertitudes liés aux munitions immergées -- Les risques associés aux munitions immergées -- Un risque acceptable… -- …. malgré l'existence d'incertitudes -- 2.3. Un risque pour l'eau potable ? -- En Suisse -- En France -- Législation lacunaire : les perchlorates.
|
| 505 |
8 |
|
|a 3. Gestion des munitions immergées : un cadre législatif imparfait -- 3.1. Une obligation de transparence contrastée -- En Suisse -- En France -- 3.2. L'OSites, un outil de gestion déficient -- 4. Les munitions immergées : une gestion des risques évolutive -- 4.1. Le statu quo, une situation d'apparence définitive… -- En Suisse -- En France -- 4.2. … à moins d'être remise en cause -- Conclusion -- La gestion suisse au prisme de la gestion française -- Application contrastée du principe de prévention et du principe de précaution -- La gestion des dépôts lacustres au prisme de la gestion des dépôts marins -- Glossaire -- Liste des acronymes -- Liste des illustrations -- Liste des tableaux -- Bibliographie -- Titres de la collection.
|
| 520 |
|
|
|a Ce livre se concentre sur un aspect méconnu de l'héritage militaire : l'immersion de munitions dans les lacs suisses. À travers l'interface science, société et environnement, il s'agit à la fois de comprendre les motivations et raisons de ayant conduit à cette pratique et les enjeux actuels de gestion ou non de ces déchets militaires.
|
| 588 |
|
|
|a Description based on publisher supplied metadata and other sources.
|
| 590 |
|
|
|a Electronic reproduction. Ann Arbor, Michigan : ProQuest Ebook Central, 2023. Available via World Wide Web. Access may be limited to ProQuest Ebook Central affiliated libraries.
|
| 655 |
|
4 |
|a Electronic books.
|
| 776 |
0 |
8 |
|i Print version:
|a Charrière, Elodie
|t Les Immersions de Munitions Dans les Lacs Suisses et Français (1919-Aujourd'hui), de l'oubli à un Statu Quo évolutif
|d Brussels : P.I.E. - Peter Lang SA Éditions Scientifiques Internationales,c2023
|z 9782875747822
|
| 797 |
2 |
|
|a ProQuest (Firm)
|
| 830 |
|
0 |
|a EcoPolis Series
|
| 856 |
4 |
0 |
|u https://ebookcentral.proquest.com/lib/matrademy/detail.action?docID=30685962
|z Click to View
|